| 000 | 00591nam a2200181 i 4500 | ||
|---|---|---|---|
| 003 | OSt | ||
| 005 | 20250719134810.0 | ||
| 008 | 240427s2024 gw |||||r|||| 00| 0 eng d | ||
| 040 |
_aLHL _beng _cLHL _erda |
||
| 245 |
_aA booklet to celebrate Ranjung Yeshe Gomde Germany-Austria : _bdedicated to our teacher Chökyi Nyima Rinpoche, may his vision bring peace and joy. |
||
| 264 | _c2014. | ||
| 300 | _c20 cm. | ||
| 336 |
_2rdacontent _atext _btxt |
||
| 337 |
_2rdamedia _aunmediated _bn |
||
| 338 |
_2rdacarrier _avolume _bnc |
||
| 700 |
_aChökyi Nyima, _cRinpoche, _d1951- |
||
| 942 |
_cREF _n0 _2LCS |
||
| 999 |
_c2762 _d2762 |
||